[Event "21st European Teams"]
[Site "Hersonissos GRE"]
[Date "2017.10.31"]
[Round "4.16"]
[Board "2"]
[White "Bogner, Sebastian"]
[Black "Ebeling, Daniel"]
[Result "1/2-1/2"]
[WhiteTitle "GM"]
[BlackTitle "IM"]
[WhiteElo "2599"]
[BlackElo "2465"]
[WhiteTeam "Switzerland"]
[BlackTeam "Finland"]
[WhiteFideId "4692055"]
[BlackFideId "505170"]
[EventDate "2017.10.28"]

1. e4 e5 2. Nf3 Nc6 3. Bb5 Nge7 4. Nc3 Ng6 5. d4 exd4 6. Nxd4 Nxd4 7. Qxd4 c6 8.
Be2 Qb6 9. Qd3 Be7 10. O-O O-O 11. Rb1 d6 12. Be3 Qc7 13. f4 f5 14. exf5 Bxf5
15. Qd2 Rae8 16. g3 d5 17. Bd4 Qa5 18. Bf3 Bc5 19. Rf2 Qb4 20. Bxc5 Qxc5 21. Rd1
Nh8 22. Na4 Qe3 23. b3 Nf7 24. c4 dxc4 25. bxc4 Qa3 26. Nc3 Qc5 27. Qd4 Qxd4 28.
Rxd4 Rd8 29. Rxd8 Rxd8 30. Rb2 Rd3 31. Be4 Rxc3 32. Bxf5 Nd6 33. Be6+ Kf8 34.
Kf2 b6 35. Re2 Nxc4 36. Bd7 c5 37. a4 Nd6 38. Bc6 Rd3 39. g4 c4 40. Re3 Rd4 41.
Kf3 a6 42. Ra3 Ke7 43. Ke3 Rd1 44. Bf3 Rf1 45. Kd4 Kd7 46. f5 Rf2 47. h3 Rd2+
48. Ke3 Rh2 49. Kd4 Rd2+ 50. Ke3 Rb2 51. Bd5 Kc7 52. Kf4 Rd2 53. Bf3 h6 54. h4
Rh2 55. Re3 Kd7 56. Ra3 Kc7 57. Re3 b5 58. axb5 axb5 59. Re7+ Kd8 60. Rxg7 c3
61. Rg8+ Ke7 62. Rg7+ Kd8 63. Rg8+ Ke7 64. Rg7+ Nf7 65. Rg6 c2 66. Rc6 Nd8 67.
Rc5 b4 68. Ke5 Nf7+ 69. Kd4 b3 70. Be4 b2 71. f6+ Kd6 72. Bxc2 Rxc2 73. Rb5 Ne5
74. g5 hxg5 75. hxg5 Nc4 76. f7 Ke7 77. Rb7+ Kf8 78. g6 Nd6 79. Rb8+ Rc8 80.
Rxb2 Kg7 81. Rf2 Rf8 82. Ke5 Nxf7+ 83. gxf7 Rxf7 84. Rxf7+ Kxf7 1/2-1/2

[Event "21st European Teams"]
[Site "Hersonissos GRE"]
[Date "2017.10.31"]
[Round "4.16"]
[Board "3"]
[White "Sipila, Vilka"]
[Black "Georgiadis, Nico"]
[Result "1/2-1/2"]
[WhiteTitle "IM"]
[BlackTitle "GM"]
[WhiteElo "2363"]
[BlackElo "2516"]
[WhiteTeam "Finland"]
[BlackTeam "Switzerland"]
[WhiteFideId "505455"]
[BlackFideId "1300113"]
[EventDate "2017.10.28"]

1. c4 e6 2. Nc3 d5 3. d4 Bb4 4. Qd3 Nf6 5. Bg5 h6 6. Bxf6 Qxf6 7. O-O-O O-O 8.
Nf3 c5 9. cxd5 Bxc3 10. Qxc3 exd5 11. dxc5 Qxc3+ 12. bxc3 Na6 13. Rxd5 Be6 14.
Re5 Rac8 15. Nd4 Nxc5 16. Nxe6 fxe6 17. g3 Rxf2 18. Bh3 Kf7 19. Bg4 Ke7 20. Kc2
Rff8 21. Rb1 b6 22. Rb4 Rc6 23. Bf3 Rd6 24. Rd4 Rfd8 25. Rxd6 Kxd6 26. Rh5 a5
27. g4 Rc8 28. g5 Na4 29. gxh6 gxh6 30. Rxh6 Rxc3+ 31. Kb1 b5 32. Bg4 Re3 33.
Kc2 b4 34. h4 Nc3 35. a3 bxa3 36. Rxe6+ Rxe6 37. Bxe6 a2 38. Bxa2 Nxa2 39. Kb3
Nc1+ 1/2-1/2

[Event "21st European Teams"]
[Site "Hersonissos GRE"]
[Date "2017.10.31"]
[Round "4.16"]
[Board "4"]
[White "Kurmann, Oliver"]
[Black "Niemi, Kalle"]
[Result "0-1"]
[WhiteTitle "IM"]
[BlackTitle "FM"]
[WhiteElo "2481"]
[BlackElo "2324"]
[WhiteTeam "Switzerland"]
[BlackTeam "Finland"]
[WhiteFideId "1308173"]
[BlackFideId "504378"]
[EventDate "2017.10.28"]

1. e4 c6 2. Nc3 d5 3. Nf3 dxe4 4. Nxe4 Nf6 5. Qe2 Nxe4 6. Qxe4 Qd5 7. Qh4 Qe6+
8. Be2 Qg4 9. Qg3 Qxg3 10. hxg3 g6 11. d4 Bg7 12. Bh6 Bf6 13. Ne5 c5 14. Bc4 Be6
15. d5 Bf5 16. f4 Nd7 17. g4 Be4 18. Nxd7 Kxd7 19. O-O-O Rhb8 20. Bb5+ Kd6 21.
Rhe1 Bxg2 22. Re3 a6 23. Be2 b5 24. c3 c4 25. b3 Rc8 26. bxc4 bxc4 27. g5 Bh8
28. Bg4 Rc5 29. Rde1 Re8 30. Rxe7 Rxe7 31. Bf8 Rc7 32. f5 gxf5 33. Bxf5 Bxc3 34.
Re3 Be5 35. Rxe5 Kxe5 0-1

[Event "21st European Teams"]
[Site "Hersonissos GRE"]
[Date "2017.10.31"]
[Round "4.17"]
[Board "1"]
[White "Pancevski, Filip"]
[Black "Ziska, Helgi Dam"]
[Result "1/2-1/2"]
[WhiteTitle "IM"]
[BlackTitle "GM"]
[WhiteElo "2489"]
[BlackElo "2545"]
[WhiteTeam "FYROM"]
[BlackTeam "Faroe Islands"]
[WhiteFideId "15002187"]
[BlackFideId "7200595"]
[EventDate "2017.10.28"]

1. g3 g6 2. Bg2 Bg7 3. d3 d6 4. c4 e5 5. Nc3 Nc6 6. e4 Be6 7. Nge2 Qd7 8. Nd5
Nce7 9. h3 c6 10. Ne3 f5 11. d4 Nf6 12. exf5 gxf5 13. b3 Qc7 14. Bb2 Ng6 15. Qc2
e4 16. d5 cxd5 17. Nd4 Qc8 18. cxd5 Qxc2 19. Ndxc2 Bd7 20. Nd4 Ne7 21. Ne6 Bxe6
22. dxe6 O-O 23. O-O-O Ne8 24. f3 Rc8+ 25. Kb1 Bxb2 26. Kxb2 Rf6 27. fxe4 Rxe6
28. h4 Rc5 29. b4 Rc7 30. Rhe1 fxe4 31. g4 Re5 32. g5 Rb5 1/2-1/2

[Event "21st European Teams"]
[Site "Hersonissos GRE"]
[Date "2017.10.31"]
[Round "4.17"]
[Board "2"]
[White "Nielsen, Hogni Egilstoft"]
[Black "Nedev, Trajko"]
[Result "0-1"]
[WhiteTitle "FM"]
[BlackTitle "GM"]
[WhiteElo "2352"]
[BlackElo "2479"]
[WhiteTeam "Faroe Islands"]
[BlackTeam "FYROM"]
[WhiteFideId "7200404"]
[BlackFideId "15000605"]
[EventDate "2017.10.28"]

1. e4 c5 2. Nf3 Nc6 3. Bb5 g6 4. Bxc6 bxc6 5. O-O Bg7 6. Re1 Nh6 7. d3 O-O 8.
Nbd2 d6 9. h3 f6 10. c3 Nf7 11. Qa4 Qb6 12. Nc4 Qa6 13. Qc2 e5 14. b3 Be6 15.
Bb2 f5 16. Ncd2 Qc8 17. d4 fxe4 18. Nxe4 cxd4 19. cxd4 d5 20. Ng3 e4 21. Ne5
Nxe5 22. dxe5 Qc7 23. Qc5 Rac8 24. Bd4 Rf7 25. Rac1 Bf8 26. Qc3 c5 27. Qd2 Qd8
28. Be3 Qb6 29. Red1 Qb8 30. Qb2 d4 31. Bd2 Qxe5 32. Re1 Bd5 33. Nxe4 Bxe4 34.
f3 Rxf3 35. Qc2 Rf1+ 0-1

[Event "21st European Teams"]
[Site "Hersonissos GRE"]
[Date "2017.10.31"]
[Round "4.17"]
[Board "3"]
[White "Stojanovski, Dejan"]
[Black "Nielsen, Rogvi Egilstoft"]
[Result "1/2-1/2"]
[WhiteTitle "IM"]
[BlackTitle "FM"]
[WhiteElo "2454"]
[BlackElo "2338"]
[WhiteTeam "FYROM"]
[BlackTeam "Faroe Islands"]
[WhiteFideId "15000796"]
[BlackFideId "7200447"]
[EventDate "2017.10.28"]

1. e4 e6 2. d4 d5 3. Nd2 dxe4 4. Nxe4 Nd7 5. Nf3 Ngf6 6. Nxf6+ Nxf6 7. Bg5 h6 8.
Bh4 c5 9. Bb5+ Bd7 10. Bxd7+ Qxd7 11. Qe2 Be7 12. dxc5 O-O 13. O-O Bxc5 14. a3
Rfd8 15. Rad1 Qc7 16. Ne5 Be7 17. Bg3 Rxd1 18. Rxd1 Rd8 19. Ng6 Bd6 20. Bxd6
Rxd6 21. Rxd6 Qxd6 22. Ne5 Qd5 23. c4 Qd4 24. Nf3 Qf4 25. g3 Qf5 26. Kg2 Qc5 27.
Qe5 Nd7 28. Qe4 Qc7 29. b4 Nb6 30. c5 Nd5 31. Nd4 a5 32. Nb3 axb4 33. axb4 Qc6
34. Nd4 Qc7 35. Nb3 Qc6 36. Na5 Qb5 37. Qc4 Qxc4 38. Nxc4 Nxb4 39. Nd6 f5 40.
Nxb7 Kf7 41. f4 e5 42. fxe5 1/2-1/2

[Event "21st European Teams"]
[Site "Hersonissos GRE"]
[Date "2017.10.31"]
[Round "4.17"]
[Board "4"]
[White "Rodgaard, John"]
[Black "Nikolovski, Nikola"]
[Result "0-1"]
[WhiteTitle "IM"]
[BlackTitle "FM"]
[WhiteElo "2332"]
[BlackElo "2420"]
[WhiteTeam "Faroe Islands"]
[BlackTeam "FYROM"]
[WhiteFideId "7200013"]
[BlackFideId "15002314"]
[EventDate "2017.10.28"]

1. Nf3 f5 2. d4 Nf6 3. g3 e6 4. Bg2 Be7 5. O-O O-O 6. c4 d6 7. Nc3 Ne4 8. Nxe4
fxe4 9. Nd2 d5 10. f3 Nc6 11. fxe4 Rxf1+ 12. Nxf1 dxc4 13. Be3 Na5 14. Rc1 b5
15. Bf2 Bb7 16. e3 c5 17. Qg4 Qb6 18. Nd2 e5 19. d5 Rf8 20. Qe2 Bc8 21. Bf3 Qg6
22. Kg2 Nb7 23. Bh5 Qa6 24. a3 Nd6 25. Bf3 Bd7 26. g4 Bf6 27. Bg3 g6 28. g5 Bg7
29. Bg4 Qc8 30. Bxd7 Qxd7 31. b3 cxb3 32. Rxc5 b2 33. Qd3 Rc8 34. Rc6 Rxc6 35.
dxc6 Qxc6 36. Qb3+ Nc4 37. Nxc4 Qxe4+ 38. Kf2 b1=Q 39. Nd6+ Qxb3 40. Nxe4 Qxa3 0-1

[Event "21st European Teams"]
[Site "Hersonissos GRE"]
[Date "2017.10.31"]
[Round "4.18"]
[Board "1"]
[White "Ragger, Markus"]
[Black "Ftacnik, Lubomir"]
[Result "1/2-1/2"]
[WhiteTitle "GM"]
[BlackTitle "GM"]
[WhiteElo "2659"]
[BlackElo "2546"]
[WhiteTeam "Austria"]
[BlackTeam "Slovakia"]
[WhiteFideId "1610856"]
[BlackFideId "14900017"]
[EventDate "2017.10.28"]

1. e4 c5 2. Nf3 d6 3. d4 cxd4 4. Nxd4 Nf6 5. Nc3 a6 6. Be2 e5 7. Nf3 Be7 8. Bg5
Nbd7 9. a4 h6 10. Be3 b6 11. Bc4 Bb7 12. Qd3 b5 13. Bb3 b4 14. Nd5 Bxd5 15. Bxd5
Nxd5 16. Qxd5 O-O 17. Qd3 Qc7 18. O-O Nf6 19. Nd2 Qc6 20. Rfc1 d5 21. exd5 Nxd5
22. Nc4 Nxe3 23. fxe3 e4 24. Qe2 Bf6 25. Rab1 Rad8 26. b3 Rd5 27. Rf1 Rfd8 28.
Qg4 Rg5 29. Qf4 Qe6 30. Rbd1 Rxd1 31. Rxd1 Rd5 32. Rxd5 Qxd5 33. Qd6 Qh5 34. h3
Qe2 35. Qd2 Qh5 36. Qd7 Kh7 37. a5 Bc3 38. Kf1 Qh4 39. Qf5+ Kg8 40. Kg1 Bf6 41.
Qc8+ Kh7 42. Qxa6 Qe1+ 43. Kh2 Bh4 44. Qd6 Bf2 45. h4 f5 46. Qf4 Qg1+ 47. Kh3
Qh1+ 48. Qh2 Qd1 49. Qf4 Qh1+ 50. Qh2 Qd1 51. Qf4 Qh1+ 1/2-1/2

[Event "21st European Teams"]
[Site "Hersonissos GRE"]
[Date "2017.10.31"]
[Round "4.18"]
[Board "2"]
[White "Markos, Jan"]
[Black "Shengelia, David"]
[Result "1/2-1/2"]
[WhiteTitle "GM"]
[BlackTitle "GM"]
[WhiteElo "2559"]
[BlackElo "2556"]
[WhiteTeam "Slovakia"]
[BlackTeam "Austria"]
[WhiteFideId "14903474"]
[BlackFideId "13601270"]
[EventDate "2017.10.28"]

1. d4 Nf6 2. c4 e6 3. Nc3 Bb4 4. Qc2 O-O 5. e4 d5 6. e5 Ne4 7. a3 Bxc3+ 8. bxc3
c5 9. Bd3 cxd4 10. cxd4 Qa5+ 11. Kf1 Nc6 12. Ne2 Bd7 13. f3 f5 14. Rb1 dxc4 15.
Bxc4 Rac8 16. Rxb7 Nxd4 17. Nxd4 Rxc4 18. Qxc4 Rc8 19. Nb3 Qd8 20. Qe2 Bc6 21.
Rb4 a5 22. Rd4 Qb6 23. Qb2 Ba4 24. fxe4 Bxb3 25. Bd2 Rc2 26. Qa1 fxe4 27. Ke1
Bd5 28. Rf1 h6 29. Qd1 Qb2 30. Rf2 Qxd4 31. Qxc2 e3 32. Bxe3 Qxe3+ 33. Kf1 Qxe5
34. Kg1 Qa1+ 35. Rf1 Qxa3 36. Qc8+ Kh7 37. Qc2+ 1/2-1/2

[Event "21st European Teams"]
[Site "Hersonissos GRE"]
[Date "2017.10.31"]
[Round "4.18"]
[Board "3"]
[White "Schreiner, Peter"]
[Black "Repka, Christopher"]
[Result "1/2-1/2"]
[WhiteTitle "IM"]
[BlackTitle "IM"]
[WhiteElo "2480"]
[BlackElo "2470"]
[WhiteTeam "Austria"]
[BlackTeam "Slovakia"]
[WhiteFideId "1621645"]
[BlackFideId "14918781"]
[EventDate "2017.10.28"]

1. Nf3 d5 2. d4 Nf6 3. c4 c6 4. Nbd2 Bf5 5. Nh4 Bg6 6. Qb3 Qd7 7. Nxg6 hxg6 8.
g3 e6 9. Bg2 a5 10. O-O a4 11. Qd3 Bb4 12. a3 Bxd2 13. Bxd2 O-O 14. b3 axb3 15.
c5 Ne4 16. Bxe4 dxe4 17. Qxe4 Ra4 18. Be3 Na6 19. Qd3 Qd5 20. Rfb1 Nc7 21. Qxb3
Qxb3 22. Rxb3 Nb5 23. Rab1 Rfa8 24. Rxb5 cxb5 25. Rxb5 R8a7 26. Kg2 Rxa3 27. Bf4
R3a5 28. Rb6 R5a6 29. Rb5 Ra5 30. Rb6 R5a6 31. Rb5 Ra5 32. Rb6 Ra4 33. e3 R4a6
34. Rb5 Ra5 35. Rb6 R5a6 36. Rb5 Ra5 37. Rb6 1/2-1/2

[Event "21st European Teams"]
[Site "Hersonissos GRE"]
[Date "2017.10.31"]
[Round "4.18"]
[Board "4"]
[White "Mazur, Stefan"]
[Black "Dragnev, Valentin"]
[Result "1/2-1/2"]
[WhiteTitle "IM"]
[BlackTitle "IM"]
[WhiteElo "2460"]
[BlackElo "2466"]
[WhiteTeam "Slovakia"]
[BlackTeam "Austria"]
[WhiteFideId "14909332"]
[BlackFideId "1634852"]
[EventDate "2017.10.28"]

1. e4 e5 2. Nf3 Nc6 3. Bb5 a6 4. Ba4 Nf6 5. O-O Be7 6. Re1 b5 7. Bb3 O-O 8. c3
d5 9. exd5 Nxd5 10. Nxe5 Nxe5 11. Rxe5 c6 12. d3 Bd6 13. Re1 Bf5 14. Qf3 Qh4 15.
g3 Qh3 16. Be3 Bxd3 17. Nd2 Qf5 18. Bd4 Rfe8 19. Kg2 h6 20. a4 Qxf3+ 21. Kxf3
Rxe1 22. Rxe1 Bf5 23. Ra1 Rd8 24. axb5 axb5 25. Ne4 Bf8 26. Ra6 Nb4 27. Ra7 Bg6
28. Rc7 Nd3 29. Rxc6 Kh7 30. Rc7 Kg8 31. Ke3 Nxb2 32. f4 Nc4+ 33. Bxc4 bxc4 34.
Nd2 Re8+ 35. Kf3 Bc2 36. Nxc4 f6 37. Nb6 Bd1+ 38. Kf2 Re2+ 39. Kg1 Bc2 40. Nd5
Be4 41. Ne3 Ba3 42. Rc8+ Kf7 43. Rc7+ Kg8 44. Nc4 Bf8 45. Bc5 Bf5 46. Bxf8 Kxf8
47. Kf1 Rxh2 48. Nd6 Bh3+ 49. Ke1 Rg2 50. Ne4 h5 51. c4 Bf5 52. Nd6 Bg4 53. c5
Rxg3 54. f5 Rd3 55. Rc8+ Ke7 56. Rc7+ Kf8 57. Rc8+ Ke7 58. Rc7+ Kf8 59. Rc8+ 1/2-1/2

[Event "21st European Teams"]
[Site "Hersonissos GRE"]
[Date "2017.10.31"]
[Round "4.19"]
[Board "1"]
[White "Hristodoulou, Panagiotis"]
[Black "Rasmussen, Allan Stig"]
[Result "0-1"]
[WhiteTitle "FM"]
[BlackTitle "GM"]
[WhiteElo "2318"]
[BlackElo "2542"]
[WhiteTeam "Greece - Crete"]
[BlackTeam "Denmark"]
[WhiteFideId "4214340"]
[BlackFideId "1406000"]
[EventDate "2017.10.28"]

1. e4 c6 2. d4 d5 3. f3 e6 4. Nc3 Bb4 5. a3 Bxc3+ 6. bxc3 dxe4 7. Qe2 c5 8. Qe3
Nc6 9. dxc5 Nf6 10. fxe4 Qa5 11. Bd2 Nd7 12. Qg3 g6 13. Bd3 Qxc5 14. Ne2 b6 15.
Be3 Qe7 16. O-O Bb7 17. Nd4 Nce5 18. a4 O-O 19. a5 Rfc8 20. a6 Bc6 21. Kh1 f6
22. Bc1 Nc5 23. Bf4 Nf7 24. e5 f5 25. Rae1 Be4 26. Nb5 Qd7 27. Nd6 Nxd3 28. cxd3
Rxc3 29. Re3 Bd5 30. Qh4 Qd8 31. Qh3 Nxd6 32. exd6 Rc2 33. Rg1 Rac8 34. Rg3 Qd7
35. Be5 Qf7 36. Qh4 Bc6 37. Qf4 Re2 38. h4 Kf8 39. h5 Ke8 40. hxg6 hxg6 41. Rh3
g5 42. Rh8+ Kd7 43. Rxc8 Qh5+ 44. Qh2 Qxh2+ 45. Kxh2 Kxc8 46. d4 Kd7 47. Kh3 Ra2
48. Kg3 b5 49. Kh3 Rxa6 50. Kg3 Ra2 0-1

[Event "21st European Teams"]
[Site "Hersonissos GRE"]
[Date "2017.10.31"]
[Round "4.19"]
[Board "2"]
[White "Thybo, Jesper Sondergaard"]
[Black "Vlahos, Kiriakos"]
[Result "1/2-1/2"]
[WhiteTitle "IM"]
[BlackTitle "FM"]
[WhiteElo "2479"]
[BlackElo "2306"]
[WhiteTeam "Denmark"]
[BlackTeam "Greece - Crete"]
[WhiteFideId "1438832"]
[BlackFideId "4200594"]
[EventDate "2017.10.28"]

1. c4 e6 2. Nc3 d5 3. d4 Be7 4. Nf3 Nf6 5. Bf4 O-O 6. e3 c5 7. dxc5 Bxc5 8. a3
Nc6 9. Qc2 Re8 10. Rd1 Qa5 11. Nd2 e5 12. Bg5 Nd4 13. Qb1 Bf5 14. Bd3 Bxd3 15.
Qxd3 Ne4 16. Ncxe4 dxe4 17. Qxe4 Nb3 18. Qc2 Nxd2 19. Qxd2 Qa6 20. Qc2 f6 21.
Bh4 Rac8 22. O-O Bf8 23. Rc1 b5 24. cxb5 Rxc2 25. bxa6 Rxb2 26. f4 Rb6 27. fxe5
Rxe5 28. Bg3 Re8 29. a4 Rxa6 30. Rf4 Rxe3 31. Rc8 Kf7 32. Bf2 Re8 33. Rc7+ Re7
34. Rfc4 h5 35. g3 g5 36. Kg2 g4 37. h3 Rxc7 38. Rxc7+ Ke6 39. Rxa7 Rxa7 40.
Bxa7 gxh3+ 41. Kxh3 Bd6 42. Be3 Bxg3 43. Kxg3 1/2-1/2

[Event "21st European Teams"]
[Site "Hersonissos GRE"]
[Date "2017.10.31"]
[Round "4.19"]
[Board "3"]
[White "Anagnostopoulos, Konstantinos"]
[Black "Percivaldi, Martin"]
[Result "0-1"]
[BlackTitle "IM"]
[WhiteElo "2290"]
[BlackElo "2388"]
[WhiteTeam "Greece - Crete"]
[BlackTeam "Denmark"]
[WhiteFideId "4251067"]
[BlackFideId "1508148"]
[EventDate "2017.10.28"]

1. c4 Nf6 2. Nf3 c6 3. g3 d5 4. Bg2 dxc4 5. O-O Nbd7 6. Qc2 Nb6 7. b3 cxb3 8.
axb3 g6 9. Bb2 Bg7 10. e4 O-O 11. d4 Re8 12. h3 h6 13. Nbd2 Nfd7 14. Rad1 a5 15.
Bc3 a4 16. Ra1 axb3 17. Qxb3 e5 18. Rxa8 Nxa8 19. d5 Nc7 20. dxc6 bxc6 21. Ba5
Ba6 22. Rc1 c5 23. h4 Qc8 24. Bh3 Ne6 25. Nc4 Qc6 26. Nb6 Rb8 27. Qd5 Qxd5 28.
exd5 Nxb6 29. dxe6 f5 30. h5 Nc4 31. hxg6 Nxa5 32. Ra1 Be2 33. Nh4 Nb3 34. Ra7
Nd4 35. Bxf5 Bf3 36. Nxf3 Nxf5 37. Rc7 Re8 38. Rxc5 Rxe6 39. Kg2 Bf6 40. Nd2 Ne7
41. Ne4 Nxg6 42. Kh3 Be7 43. Rb5 h5 44. Nc3 Kf7 45. Nd5 Ra6 46. Rb6 Rxb6 47.
Nxb6 Ke6 48. f3 Bd8 49. Nc4 Kd5 50. Ne3+ Kd4 51. Nf5+ Kd3 52. Kg2 Ke2 53. Nd6 h4
54. f4 exf4 55. gxf4 Nxf4+ 56. Kh2 Kf3 57. Nf5 h3 58. Nd6 Bh4 59. Nf7 Bg3+ 60.
Kh1 Ne6 61. Nh8 Ng5 62. Ng6 Ne4 0-1

[Event "21st European Teams"]
[Site "Hersonissos GRE"]
[Date "2017.10.31"]
[Round "4.19"]
[Board "4"]
[White "Hansen, Mads"]
[Black "Papadopoulos, Argirios"]
[Result "1-0"]
[WhiteTitle "IM"]
[BlackTitle "FM"]
[WhiteElo "2393"]
[BlackElo "2182"]
[WhiteTeam "Denmark"]
[BlackTeam "Greece - Crete"]
[WhiteFideId "1401610"]
[BlackFideId "4241509"]
[EventDate "2017.10.28"]

1. e4 e5 2. Nf3 Nc6 3. Bb5 g6 4. c3 a6 5. Ba4 d6 6. d4 Bd7 7. Bg5 f6 8. Be3 Nh6
9. Qc1 Nf7 10. O-O Bg7 11. dxe5 Ncxe5 12. Bxd7+ Qxd7 13. Nbd2 O-O 14. Qc2 Rae8
15. Nxe5 Nxe5 16. Qb3+ Kh8 17. Qxb7 Rb8 18. Qxa6 Rxb2 19. Rab1 Rxb1 20. Rxb1 f5
21. Qb5 fxe4 22. Nxe4 Qg4 23. Ng3 h5 24. h3 Qc4 25. a4 Ra8 26. Rb4 Qxc3 27. Ne4
Qa1+ 28. Kh2 Rf8 29. a5 Nf7 30. a6 Nh6 31. Ra4 Qe1 32. a7 Be5+ 33. g3 Bxg3+ 34.
Nxg3 Rxf2+ 35. Bxf2 Qxf2+ 36. Kh1 Qf3+ 37. Kg1 Qxg3+ 38. Kf1 Qxh3+ 39. Ke1 Qg3+
40. Kd2 Qg2+ 41. Kc3 Qg3+ 42. Qd3 Qe1+ 43. Qd2 Qg3+ 44. Kc2 1-0

[Event "21st European Teams"]
[Site "Hersonissos GRE"]
[Date "2017.10.31"]
[Round "4.20"]
[Board "1"]
[White "Saraci, Nderim"]
[Black "Hovhannisyan, Mher"]
[Result "1-0"]
[WhiteTitle "FM"]
[BlackTitle "IM"]
[WhiteElo "2393"]
[BlackElo "2466"]
[WhiteTeam "Kosovo"]
[BlackTeam "Belgium"]
[WhiteFideId "6351921"]
[BlackFideId "13300865"]
[EventDate "2017.10.28"]

1. c4 e6 2. Nf3 d5 3. g3 Nf6 4. Bg2 Be7 5. O-O O-O 6. d4 Nbd7 7. Qc2 c6 8. Nbd2
b6 9. e4 Bb7 10. Rd1 dxc4 11. Nxc4 c5 12. d5 exd5 13. exd5 Bxd5 14. Nce5 Nxe5
15. Nxe5 Qd6 16. Ng4 Nxg4 17. Bxd5 Qe5 18. Bxa8 Rxa8 19. h3 Nf6 20. Bf4 Qh5 21.
Kg2 Nd5 22. Qe4 Nxf4+ 23. Qxf4 Bf6 24. Rd2 Bd4 25. Qf3 Qxf3+ 26. Kxf3 a5 27. a4
f5 28. Re1 b5 29. axb5 Rb8 30. Rxd4 cxd4 31. Re5 Kf7 32. Ke2 Kf6 33. f4 a4 34.
Kd3 a3 35. bxa3 Ra8 36. Kxd4 Rxa3 37. b6 Rb3 38. Kc5 Rxg3 39. Kc6 Rb3 40. Rb5
Rc3+ 41. Rc5 1-0

[Event "21st European Teams"]
[Site "Hersonissos GRE"]
[Date "2017.10.31"]
[Round "4.20"]
[Board "2"]
[White "Godart, Francois"]
[Black "Makolli, Perparim"]
[Result "1-0"]
[WhiteTitle "IM"]
[BlackTitle "FM"]
[WhiteElo "2397"]
[BlackElo "2333"]
[WhiteTeam "Belgium"]
[BlackTeam "Kosovo"]
[WhiteFideId "208078"]
[BlackFideId "908630"]
[EventDate "2017.10.28"]

1. d4 c5 2. d5 e5 3. e4 d6 4. Bb5+ Nd7 5. a4 a6 6. Be2 g6 7. Nc3 Bg7 8. Nf3 Ne7
9. h4 h6 10. Nd2 O-O 11. Nc4 Nb6 12. Ne3 Bd7 13. h5 g5 14. g4 Nbc8 15. O-O Na7
16. Nc4 Qc7 17. a5 Nec8 18. Be3 Nb5 19. Na4 Nba7 20. Nab6 Rb8 21. Qd2 Bb5 22. c3
Bxc4 23. Nxc4 Nb5 24. Rac1 Qd7 25. Kg2 Bf6 26. b4 cxb4 27. cxb4 Nd4 28. Rce1 Na7
29. f4 Nxe2 30. Qxe2 Nb5 31. fxe5 Bxe5 32. Nxe5 dxe5 33. Rf6 Qe7 34. Rxh6 Qxb4
35. Bxg5 f6 36. Bxf6 Rxf6 37. Rxf6 Nd4 38. Qf2 Rc8 39. Rg6+ 1-0

[Event "21st European Teams"]
[Site "Hersonissos GRE"]
[Date "2017.10.31"]
[Round "4.20"]
[Board "3"]
[White "Ermeni, Avni"]
[Black "Claesen, Pieter"]
[Result "1/2-1/2"]
[WhiteTitle "FM"]
[BlackTitle "IM"]
[WhiteElo "2247"]
[BlackElo "2316"]
[WhiteTeam "Kosovo"]
[BlackTeam "Belgium"]
[WhiteFideId "912840"]
[BlackFideId "200727"]
[EventDate "2017.10.28"]

1. d4 d5 2. Bf4 c5 3. e4 Nc6 4. Nc3 cxd4 5. exd5 dxc3 6. dxc6 Qxd1+ 7. Rxd1 bxc6
8. Bc7 Bb7 9. bxc3 f6 10. Bc4 e5 11. f4 Ne7 12. fxe5 Nd5 13. Bxd5 cxd5 14. exf6
gxf6 15. Ne2 Bc5 16. Nd4 Kd7 17. Bf4 Rhe8+ 18. Kd2 Bxd4 19. cxd4 Re4 20. Be3 Ba6
21. Rb1 Kc6 22. c3 Bc4 23. a3 Rae8 24. Rbe1 Rb8 25. Rb1 Rbe8 26. Rbe1 h5 27. g3
Rb8 28. Rb1 Rbe8 29. Rbe1 Rb8 30. Rb1 Rbe8 31. Rbe1 1/2-1/2

[Event "21st European Teams"]
[Site "Hersonissos GRE"]
[Date "2017.10.31"]
[Round "4.20"]
[Board "4"]
[White "Dardha, Arben"]
[Black "Sadiku, Bedri"]
[Result "0-1"]
[WhiteTitle "FM"]
[BlackTitle "IM"]
[WhiteElo "2279"]
[BlackElo "2213"]
[WhiteTeam "Belgium"]
[BlackTeam "Kosovo"]
[WhiteFideId "4700481"]
[BlackFideId "915998"]
[EventDate "2017.10.28"]

1. e4 c5 2. Nf3 e6 3. d4 cxd4 4. Nxd4 a6 5. Nc3 Qc7 6. Bd3 b5 7. a3 Bb7 8. O-O
Nf6 9. Qe2 d6 10. Be3 Nbd7 11. f3 Be7 12. Kh1 d5 13. exd5 Nxd5 14. Nxd5 Bxd5 15.
a4 bxa4 16. Bxa6 O-O 17. c4 Bxf3 18. Rxf3 Rxa6 19. Rh3 Qe5 20. Qc2 f5 21. Rxa4
Rfa8 22. Rxa6 Rxa6 23. Nb3 Nc5 24. Nc1 Bg5 25. Bxc5 Ra1 26. Bg1 Rxc1 27. Qd3 Qc5 0-1

[Event "21st European Teams"]
[Site "Hersonissos GRE"]
[Date "2017.11.01"]
[Round "5.1"]
[Board "1"]
[White "Leko, Peter"]
[Black "Aronian, Levon"]
[Result "1/2-1/2"]
[WhiteTitle "GM"]
[BlackTitle "GM"]
[WhiteElo "2679"]
[BlackElo "2801"]
[WhiteTeam "Hungary"]
[BlackTeam "Armenia"]
[WhiteFideId "703303"]
[BlackFideId "13300474"]
[EventDate "2017.10.28"]

1. e4 e5 2. Nf3 Nc6 3. Bb5 Nf6 4. O-O Nxe4 5. Re1 Nd6 6. Nxe5 Be7 7. Bf1 Nxe5 8.
Rxe5 O-O 9. d4 Ne8 10. Re1 d5 11. Bd3 c6 12. c3 Bd6 13. Nd2 g6 14. Nf3 Ng7 15.
Bh6 Bg4 16. h3 Bxf3 17. Qxf3 Qh4 18. Qe3 Rfe8 19. Qg5 Qxg5 20. Bxg5 Ne6 21. Bd2
Bf4 22. Rxe6 Bxd2 23. Rxe8+ Rxe8 24. Kf1 Bf4 25. Re1 Rxe1+ 26. Kxe1 Bd6 27. Ke2
Kg7 28. g3 Kf6 29. h4 h5 30. Kf3 Ke7 1/2-1/2